Vista normal Vista MARC

Entrada Materia (personas)

Número de registros utilizados en: 5

001 - CONTROL NUMBER

  • control field: 96826

003 - CONTROL NUMBER IDENTIFIER

  • control field: Co-BoUCM

005 - DATE AND TIME OF LATEST TRANSACTION

  • control field: 20190604072939.0

008 - FIXED-LENGTH DATA ELEMENTS

  • fixed length control field: 190604|| aca||aabn | a|a d

040 ## - CATALOGING SOURCE

  • Original cataloging agency: Co-BoUCM
  • Transcribing agency: Co-BoUCM

100 ## - HEADING--PERSONAL NAME

  • Personal name: Troper, Michel

670 ## - SOURCE DATA FOUND

  • Source citation: Work cat.: (Co-BoUCM)312878: Troper, Michel, La philosophie du droit, 2003